00548nam a22001697a 450000500170000001000150001702000260003203500140005803700130007208200080008510000200009324500680011326000440018127001080022530000240033370000210035720220426172715.0 aENG-132406 a9788192171180c395.00 aEN-115938 bDBAD/PUB a613 aYadav, Amarjeet aThe Yoga & Holistic Health/cAmarjeet Yadav and Sohan Raj Tater aJaipurbRashtriya Sahita Sansthanc2017 aC-14, First Floor, Opp. Khandelwal Girls College, Sansar Chandra RoadbJaipure302001mrssjpr@gmail.com ax, 133p.c22cm(hbk) aTater, Sohan Raj